| 000 | 01421nam0a2200361 4500 | ||
|---|---|---|---|
| 001 | RU\NLR\bibl\192676 | ||
| 005 | 20260406064706.0 | ||
| 010 |
_a5-94387-003-2 _95000 |
||
| 021 |
_aRU _b2001-21514 _91020 |
||
| 035 | _a(NLR Aleph) 000189180 | ||
| 090 |
_a1093699 _c1093699 |
||
| 100 | _a20010731d2001 |||y0rusy50 ca | ||
| 101 | 0 | _arus | |
| 102 | _aRU | ||
| 105 | _ay ||||||||| | ||
| 200 | 1 |
_aСервисные режимы телевизоров _eСправочник _fВиноградов В.А. _gПод ред. С.Л. Корякина-Черняка |
|
| 210 |
_aСПб. _cНаука и техника _d2001 |
||
| 215 |
_a158 с. _d24 |
||
| 225 | 1 | _aРадиомастер | |
| 313 | _aцветные телевизоры | ||
| 606 | 0 |
_aЦветные телевизоры _jСправочники _xНастройка _92222665 _3RU\NLR\auth\661334539 |
|
| 610 | 0 | _aТелевизоры - Уход и обслуживание - Справочники | |
| 675 |
_a621.397.446.07(035.5) _v3 _zrus |
||
| 686 |
_a49.45 _2rugasnti |
||
| 686 |
_a32.94-5я2 _2rubbk |
||
| 686 | _aЗ943-522-082.01я22 | ||
| 700 | 1 |
_4070 _8rus _7ca _aВиноградов _bВ.А. _cрадиотехник _gВладимир Алексеевич _3RU\NLR\auth\7714417 _9124090 |
|
| 801 | 0 |
_aRU _bRKP _c20010731 _gPSBO |
|
| 801 | 1 |
_aRU _bRKP _c20010731 |
|
| 801 | 2 |
_aRU _bNLR _c20050608 _grcr |
|
| 942 | _cBOOK | ||
| 980 | _aNB | ||